000
00307nam a22001457a 4500
020
_a
978-93-830-99-1
082
_a
001
_b
JOS/T
100
_a
JOSE, JOBY
245
_a
1555 SCIENCE QUIZ
260
_a
THRISSUR
_b
H&C
300
_a
64
520
_a
SCIENCE QUIZ
650
_a
SCIENCE QUIZ
_z
KERALA
942
_c
BK
999
_c
6098
_d
6098